000 00644nam a2200217 a 4500
005 20240113063706.0
008 140401s2001 mx r 000 0 spa d
020 _a8426129404
035 _aUPN01000196720
049 _aI
050 4 _aP90
_bA4.3 2001
100 0 _aAliki,
_d1929-
_933435
245 1 0 _aComunicación /
_cAliki ; tr. de Concepción Zendrera.
250 _a2a ed.
260 _aBarcelona, Esp. :
_bJuventud,
_c2001.
300 _a[29] p. :
_bprincipalmente il. col.
534 _pTítulo original:
_tCommunication
650 4 _aComunicación
_99285
650 7 _aLibros ilustrados para niños
_2
_921365
905 _aInfantil
999 _c168821
_d168821